Catholic University of Zimbabwe Library
Online Public Access Catalogue
(OPAC)

Extraterritorialities in Occupied Worlds (Record no. 27030)

MARC details
000 -LEADER
fixed length control field 05187cam a22004934a 4500
001 - CONTROL NUMBER
control field muse87182
003 - CONTROL NUMBER IDENTIFIER
control field MdBmJHUP
005 - DATE AND TIME OF LATEST TRANSACTION
control field 20210127151806.0
006 - FIXED-LENGTH DATA ELEMENTS--ADDITIONAL MATERIAL CHARACTERISTICS
fixed length control field m o d
007 - PHYSICAL DESCRIPTION FIXED FIELD--GENERAL INFORMATION
fixed length control field cr||||||||nn|n
008 - FIXED-LENGTH DATA ELEMENTS--GENERAL INFORMATION
fixed length control field 200729r20202016xxu o 00 0 eng d
020 ## - INTERNATIONAL STANDARD BOOK NUMBER
International Standard Book Number 9780692629437
035 ## - SYSTEM CONTROL NUMBER
System control number (OCoLC)1182548139
040 ## - CATALOGING SOURCE
Original cataloging agency MdBmJHUP
Transcribing agency MdBmJHUP
050 #4 - LIBRARY OF CONGRESS CALL NUMBER
Classification number JZ1427
Item number .E97 2016
245 00 - TITLE STATEMENT
Title Extraterritorialities in Occupied Worlds
Statement of responsibility, etc. edited by Maayan Amir & Ruti Sela.
264 #1 - PRODUCTION, PUBLICATION, DISTRIBUTION, MANUFACTURE, AND COPYRIGHT NOTICE
Name of producer, publisher, distributor, manufacturer Project Muse,
264 #3 - PRODUCTION, PUBLICATION, DISTRIBUTION, MANUFACTURE, AND COPYRIGHT NOTICE
Name of producer, publisher, distributor, manufacturer Project MUSE,
300 ## - PHYSICAL DESCRIPTION
Extent 1 online resource (xii, 479 pages) :
Other physical details illustration
500 ## - GENERAL NOTE
General note Issued as part of book collections on Project MUSE.
504 ## - BIBLIOGRAPHY, ETC. NOTE
Bibliography, etc. note Includes bibliographical references.
505 0# - FORMATTED CONTENTS NOTE
Formatted contents note Introduction / Maayan Amir & Ruti Sela -- Extraterritorial ethics. The rights of man and the rights of the other / Emmanuel Levinas -- Extra-territoriality: outside the state, outside the subject / Robert Bernasconi -- The world inhospitable to Levinas / Zygmunt Bauman -- Authentic thinking and phenomenological method / Steven Galt Crowell -- Beyond human rights / Giorgio Agamben -- Islands : the geography of extraterritoriality / Anselm Franke, Eyal Weizman & Ines Weizman -- Outside territory / Stuart Elden -- Where has all the (xeno)money gone? / Angus Cameron -- Extraterritoriality:, diaspora, and the space of cyberspace / Victor Bernal -- Extraterritorial crimes. Extraterritorial jurisdiction to enforce in cyberspace? : Bodin, Schmitt, Grotius in cyberspace / Mireille Hildebrandt -- The rise of legal cosmopolitism : denationalzation & territorialization of law / Julien Seroussi -- Extraterritorial state action in the global interest : the promise of unilateralism / Cedric Ryngaert -- Franz Kafka : extraterritorial criminal law / Ed Morgan -- Extraterritorial poetics. The extraterritorial life of Siegfried Kracauer / Jay Martin -- The extraterritorial poetics of W.G. Sebald / Matthew Hart & Tania Lown-Hecht -- The world and the home / Homi K. Bhahba -- Homeless images : Kracauer's extraterritoriality, Derrida's monolingualism of the other / Gerhard Richter -- The outer world and inner speech : Bakhtin, Vygotsky, and the internalization of language / Caryl Emerson -- Valery Proust museum / Theodor W. Adorno -- Subspatial and subtemporal / Graham Harman.
506 0# - RESTRICTIONS ON ACCESS NOTE
Terms governing access Open Access
Standardized terminology for access restriction Unrestricted online access
Source of term star
520 ## - SUMMARY, ETC.
Summary, etc. The concept of extraterritoriality designates certain relationships between space, law, and representation. This collection of essays explores contemporary manifestations of extraterritoriality and the diverse ways in which the concept has been put to use in various disciplines. The inquiry into extraterritoriality found in these essays is an invitation to navigate the margins of the legal-juridical and the political, but also the edges of forms of representation and poetics. Within its accepted legal and political contexts, the concept of extraterritoriality has traditionally been applied to people and to spaces. In the first case, extraterritorial arrangements could either exclude or exempt an individual or a group of people from the territorial jurisdiction in which they were physically located; in the second, such arrangements could exempt or exclude a space from the territorial jurisdiction by which it was surrounded. The special status accorded to people and spaces had political, economic, and juridical implications, ranging from immunity and various privileges to extreme disadvantages. In both cases, a person or a space physically included within a certain territory was removed from the usual system of laws and subjected to another. It is this notion of being held at a legal distance around which the concept of extraterritoriality may be understood as revolving. This volume is a part of Amir and Sela's Exterritory Project, an ongoing art project that wishes to encourage both the theoretical and practical exploration of ideas concerning extraterritoriality in an interdisciplinary context. The project aims not only to draw on existing definitions of extraterritoriality but seeks also to charge it with new meanings, searching for ways in which the notion of extraterritoriality could produce a critique of discriminating power structures and re-articulate new practical, conceptual, and poetical possibilities.
588 ## - SOURCE OF DESCRIPTION NOTE
Source of description note Description based on print version record.
650 #0 - SUBJECT ADDED ENTRY--TOPICAL TERM
Topical term or geographic name entry element Diplomatic protection.
650 #0 - SUBJECT ADDED ENTRY--TOPICAL TERM
Topical term or geographic name entry element Exterritoriality
650 #0 - SUBJECT ADDED ENTRY--TOPICAL TERM
Topical term or geographic name entry element Human rights in literature.
650 #0 - SUBJECT ADDED ENTRY--TOPICAL TERM
Topical term or geographic name entry element Human rights.
655 #0 - INDEX TERM--GENRE/FORM
Genre/form data or focus term Electronic books.
655 #0 - INDEX TERM--GENRE/FORM
Genre/form data or focus term Essays.
Source of term lcgft
655 #7 - INDEX TERM--GENRE/FORM
Genre/form data or focus term Electronic books.
Source of term local
700 1# - ADDED ENTRY--PERSONAL NAME
Personal name Sela, Ruti,
Dates associated with a name 1974-
Relator term editor.
700 1# - ADDED ENTRY--PERSONAL NAME
Personal name Amir, Maʻayan,
Relator term editor.
710 2# - ADDED ENTRY--CORPORATE NAME
Corporate name or jurisdiction name as entry element Project Muse,
Relator term distributor.
776 18 - ADDITIONAL PHYSICAL FORM ENTRY
Relationship information Print version:
International Standard Book Number 9780692629437
710 2# - ADDED ENTRY--CORPORATE NAME
Corporate name or jurisdiction name as entry element Project Muse.
Relator term distributor
830 #0 - SERIES ADDED ENTRY--UNIFORM TITLE
Uniform title Book collections on Project MUSE.
856 40 - ELECTRONIC LOCATION AND ACCESS
Public note Full text available:
Uniform Resource Identifier <a href="https://muse.jhu.edu/book/76497/">https://muse.jhu.edu/book/76497/</a>
Holdings
Withdrawn status Lost status Source of classification or shelving scheme Damaged status Not for loan Home library Current library Shelving location Date acquired Total Checkouts Full call number Date last seen Uniform Resource Identifier Price effective from Koha item type
          Digital Library Digital Library Online Access 27.01.2021   JZ1427 .E97 2016 27.01.2021 https://muse.jhu.edu/book/76497/ 27.01.2021 eBook

OPENING HOURS

Weekdays: 0815hrs - 1800hrs
Weekends:0900hrs - 1200hrs

Closed for Mass:

Mon, Thur: 1200hrs - 1300hrs
Sunday & Public Holiday’s

CALL SUPPORT

0242-570570, 0242-570169
09200664, +263 8644140602

LOCATION

18443, Cranborne Avenue, Hatfield, Harare

Other Links


©2021 | CUZ Library